| 000 | 00371pab a2200145 454500 | ||
|---|---|---|---|
| 008 | 180718b1999 xxu||||| |||| 00| 0 eng d | ||
| 100 | _aKhosla, I.P. | ||
| 245 | _aSAARC and India: an overview | ||
| 260 | _c1999 | ||
| 300 | _ap.9-21 | ||
| 362 | _aJan-Jun | ||
| 650 | _aSouth Asian Association for Regional Cooperation | ||
| 773 | _aSouth Asian Survey | ||
| 909 | _a41726 | ||
| 999 |
_c41726 _d41726 |
||